000
00316nam a22001337a 4500
008
170329b xxu||||| |||| 00| 0 eng d
020
_a
9780815136965
041
_a
eng
080
_a
616-053.2
100
_a
8
101
_a
shm
245
_a
HANDBOOK OF NEONATAL INTENSIVE CARE
_c
MERENSTEIN, G.B
942
_2
udc
_c
BK
999
_c
8996
_d
8996